Equus /
Guardado en:
| Autor Principal: | |
|---|---|
| Formato: | Libro |
| Publicado: |
Barcelona :
Aym ,
1979
|
| Materias: | |
| Etiquetas: |
Agregar Etiqueta
Sin Etiquetas, Sea el primero en etiquetar este registro!
|
| LEADER | 00528nam a22002055a 4500 | ||
|---|---|---|---|
| 001 | CEM.cems016909 | ||
| 005 | 20121123121309.0 | ||
| 008 | 130507s1979##################000#0#####d | ||
| 003 | CEMS | ||
| 020 | |a 8420916145 | ||
| 082 | 0 | 4 | |a 822.4 |
| 100 | 1 | |a Shaffer, Peter | |
| 245 | 1 | 0 | |a Equus / |c Peter Shaffer |
| 260 | |a Barcelona : |b Aym , |c 1979 | ||
| 300 | |a 148 p. | ||
| 653 | |a Literatura | ||
| 653 | |a Literatura inglesa | ||
| 653 | |a Teatro inglés | ||
| 653 | |a Teatro | ||
| 859 | |a CEMS |b BIB. CEMS - Agricultura |h 822.4 |i Sh132 |p A0347.01 |t Ej.1 | ||
